Loading...
| Mythology | 0 | 5 | 0 | 0 | 50 | 43 | 63.00 | 0 | 3 | 19.81 | 27.07 |
| Science - Chemistry | 0 | 5 | 2 | 1 | 40 | 43 | 78.40 | 0 | 2 | 12.32 | 26.36 |
| Popular Culture | 0 | 3 | 0 | 0 | 30 | 29 | 48.33 | 1 | 1 | 28.45 | 32.83 |
| History - Other | 0 | 2 | 0 | 0 | 20 | 81 | 84.50 | 0 | 0 | 3.63 | 6.06 |
| History - World | 0 | 2 | 0 | 0 | 20 | 25 | 55.00 | 1 | 2 | 8.61 | 11.09 |
| Fine Arts - Other | 0 | 2 | 0 | 0 | 20 | 68 | 72.00 | 0 | 1 | 7.32 | 10.40 |
| Literature - World | 0 | 2 | 0 | 0 | 20 | 95 | 107.50 | 0 | 0 | 1.17 | 4.39 |
| Philosophy | 0 | 2 | 0 | 0 | 20 | 82 | 92.50 | 0 | 0 | 3.18 | 14.58 |
| Science - Other | 0 | 3 | 2 | 0 | 20 | 67 | 80.00 | 0 | 0 | 8.46 | 12.12 |
| History - European | 0 | 2 | 0 | 0 | 20 | 37 | 44.50 | 0 | 0 | 10.96 | 11.36 |
| Fine Arts - Classical Music | 0 | 2 | 1 | 1 | 15 | 95 | 111.50 | 0 | 0 | 1.95 | 6.06 |
| Science - Biology | 0 | 2 | 1 | 0 | 15 | 39 | 46.50 | 0 | 2 | 10.01 | 15.00 |
| Current Events | 0 | 1 | 0 | 0 | 10 | 52 | 52.00 | 0 | 1 | 8.49 | 8.33 |
| History - American | 0 | 1 | 0 | 0 | 10 | 85 | 85.00 | 0 | 1 | 2.00 | 7.58 |
| Literature - American | 0 | 1 | 0 | 0 | 10 | 104 | 104.00 | 0 | 1 | 0.80 | 4.55 |
| Literature - European | 0 | 1 | 0 | 0 | 10 | 44 | 44.00 | 1 | 1 | 5.35 | 6.82 |
| Religion | 0 | 1 | 1 | 0 | 5 | 57 | 57.00 | 0 | 0 | 3.75 | 6.06 |
| Science - Physics | 0 | 2 | 4 | 0 | 0 | 47 | 54.50 | 0 | 1 | 8.87 | 12.05 |